Sociedade, direito, justiça: relaçôes conflituosas, relaçôes harmoniosas? /
El presente artículo hace referencia a los orígenes de la sociología jurídica, colocando un recorrido histórico a partir del surgimiento de la sociología, articulándose a los diferentes autores de cada época; así como la direccionalidad con la que se ha ido ejecutando la sociología jurídica, con lo...
Salvato in:
| Autore principale: | |
|---|---|
| Altri autori: | |
| Natura: | testo |
| Soggetti: | |
| Tags: |
Aggiungi Tag
Nessun Tag, puoi essere il primo ad aggiungerne!!
|
MARC
| LEADER | 00000 a a2200000 04500 | ||
|---|---|---|---|
| 001 | 18339 | ||
| 003 | |||
| 040 | |||
| 100 | |a Rojo, Raúl Enrique | ||
| 245 | |a Sociedade, direito, justiça: |b relaçôes conflituosas, relaçôes harmoniosas? / |c Raúl Enrique Rojo | ||
| 520 | |a El presente artículo hace referencia a los orígenes de la sociología jurídica, colocando un recorrido histórico a partir del surgimiento de la sociología, articulándose a los diferentes autores de cada época; así como la direccionalidad con la que se ha ido ejecutando la sociología jurídica, con lo que se evidencia su relación con el Derecho y el poder. | ||
| 590 | |a SJB/JULIO2011 | ||
| 650 | |a 1.DERECHO | ||
| 650 | |a 2.SOCIOLOGIA | ||
| 650 | |a 3.PODER | ||
| 650 | |a 4.HISTORIA | ||
| 650 | |a 5.SOCIEDAD | ||
| 700 | |a Ghiringhelli de Azevedo, Rodrigo | ||
| 773 | |g volumen 7, número 13; páginas 16-34 | ||
| 999 | |c 29060 |d 29060 | ||
